000 00874nam a22002657a 4500
001 BR8305180
003 BR-BrBNA
005 20230928091755.0
007 ta
008 230509b bl.||||| |||| 00| 0 por d
040 _aBR-BrBNA
_bpor
_cBiblioteca Nacional de Agricultura
041 _a(Por)
072 _aL00; E30
_b5250
_b5240
_b/G514
090 _ 5250 BR8305180
110 1 _aSecretaria Nacional de Producao Agropecuaria, Brasilia, DF (Brasil). Secretaria de Producao Animal. Coordenadoria de Melhoramento Zootecnico
_99236
245 1 _aPrograma de desenvolvimento a caprino-ovinocultura do nordeste [Brasil]
260 3 _aBrasilia, DF (Brasil):
_c1983.
300 _a17 p.
650 _aCAPRINOCULTURA
650 _aOVINOCULTURA
650 _aPROJETO DE DESENVOLVIMENTO
650 _aREGIAO NORDESTE
909 _a202309
_bLucia
_c55
_dLucia Elande
942 _cBK
999 _c35464
_d35464